| 000 | 00525nam a22001937a 4500 | ||
|---|---|---|---|
| 003 | CEME | ||
| 005 | 20210628202154.0 | ||
| 008 | 210226b xxu||||| |||| 00| 0 eng d | ||
| 020 | _a981-405-311-2 | ||
| 040 | _c. | ||
| 082 | _a670.285 MCM | ||
| 100 |
_aBrowne, Jimmie Mcmahon, Chris _958578 |
||
| 245 | _aCad-cam, principles, practice and manufacturing management | ||
| 250 | _a2ND | ||
| 260 |
_aNEW YORK _bADDISON WESLEY _c2000 |
||
| 300 | _aXXII,665P | ||
| 650 |
_aMANUFACTURING MANAGEMENT _958579 |
||
| 942 |
_cBK _2ddc |
||
| 999 |
_c568745 _d568745 |
||